Living, loving & learning / (Record no. 502)

MARC details
000 -LEADER
fixed length control field 00937cam a2200277 a 4500
005 - DATE AND TIME OF LATEST TRANSACTION
control field 20260322212022.0
008 - FIXED-LENGTH DATA ELEMENTS--GENERAL INFORMATION
fixed length control field data
010 ## - LIBRARY OF CONGRESS CONTROL NUMBER
LC control number 81824284
020 ## - INTERNATIONAL STANDARD BOOK NUMBER
International Standard Book Number 0913590886
020 ## - INTERNATIONAL STANDARD BOOK NUMBER
International Standard Book Number 0030615526 (Holt, Rinehart and Winston) :
Terms of availability {dollar}13.50
020 ## - INTERNATIONAL STANDARD BOOK NUMBER
International Standard Book Number 9780030615528 (Holt, Rinehart and Winston) :
Terms of availability {dollar}13.50
020 ## - INTERNATIONAL STANDARD BOOK NUMBER
International Standard Book Number 9780913590881
040 ## - CATALOGING SOURCE
Original cataloging agency DLC
Transcribing agency DLC
Modifying agency OCoLC
-- OCoLC
050 00 - LIBRARY OF CONGRESS CALL NUMBER
Classification number BF575.L8
Item number B84 1982
082 00 - DEWEY DECIMAL CLASSIFICATION NUMBER
Classification number 158
Edition information 19
092 ## - LOCALLY ASSIGNED DEWEY CALL NUMBER (OCLC)
Classification number 158.19 B84 1982
001 - CONTROL NUMBER
control field data
245 00 - TITLE STATEMENT
Title Living, loving & learning /
Statement of responsibility, etc. edited by Leo F. Buscaglia & Steven Short.
260 ## - PUBLICATION, DISTRIBUTION, ETC.
Place of publication, distribution, etc. New York, N.Y. :
Name of publisher, distributor, etc. Distributed by Holt, Rinehart and Winston,
Place of publication, distribution, etc. New York, N.Y. :
Name of publisher, distributor, etc. Distributed by Holt, Rinehart and Winston,
Date of publication, distribution, etc. c1982.
300 ## - PHYSICAL DESCRIPTION
Extent xiii, 264 p. :
Other physical details ill. ;
Dimensions 24 cm.
650 #0 - SUBJECT ADDED ENTRY--TOPICAL TERM
Topical term or geographic name entry element Love.
650 #0 - SUBJECT ADDED ENTRY--TOPICAL TERM
Topical term or geographic name entry element Self-actualization (Psychology)
650 #0 - SUBJECT ADDED ENTRY--TOPICAL TERM
Topical term or geographic name entry element Interpersonal relations.
700 1# - ADDED ENTRY--PERSONAL NAME
Personal name Buscaglia, Leo F.
700 1# - ADDED ENTRY--PERSONAL NAME
Personal name Short, Steven.
Holdings
Withdrawn status Lost status Damaged status Not for loan Home library Current library Shelving location Date acquired Total checkouts Full call number Barcode Date last seen Price effective from Koha item type
        Franklin Franklin General stacks 22/03/2026   158 19 BC0010513 22/03/2026 22/03/2026 Books